គិរី និង សុភី ចាប់ក្ដាម / (Record no. 1197)

MARC details
000 -LEADER
fixed length control field 01683nam a22002897a 4500
005 - DATE AND TIME OF LATEST TRANSACTION
control field 20230808094101.0
020 ## - INTERNATIONAL STANDARD BOOK NUMBER
International Standard Book Number 9789924341116
040 ## - CATALOGING SOURCE
Original cataloging agency FISKH
Language of cataloging eng
Transcribing agency FISKH
Modifying agency FISKH
082 ## - DEWEY DECIMAL CLASSIFICATION NUMBER
Classification number 639.67
100 ## - MAIN ENTRY--PERSONAL NAME
Personal name Rotha, Ouk
245 ## - TITLE STATEMENT
Title គិរី និង សុភី ចាប់ក្ដាម /
250 ## - EDITION STATEMENT
Edition statement គ្រឹះស្ថានបោះពុម្ពផ្សាយ Sipar មិថុនា​ ២០២១
260 ## - PUBLICATION, DISTRIBUTION, ETC.
Place of publication, distribution, etc. Phnom Penh :
Name of publisher, distributor, etc. Sipar,
Date of publication, distribution, etc. 2021.
300 ## - PHYSICAL DESCRIPTION
Extent 24 pages :
Other physical details color illustrations ;
Dimensions 21 cm
490 ## - SERIES STATEMENT
Series statement ខ្ញុំចេះអាន
505 ## - FORMATTED CONTENTS NOTE
Formatted contents note F <br/>
520 ## - SUMMARY, ETC.
Summary, etc. សុភី បានបបួលគីរី ទៅចាប់ក្ដាមជាមួយគ្នា។ នៅពេលកំំពុងជីកក្ដាម គិរីក៏បានស្រែកឡើង ដោយសារសត្វអន្ទង់ តែគិរីមិនស្គាល់ ស្មានថាជាសត្វពស់។ ពួកគេក៏បានចាប់សត្វអន្ទង់នោះនិងក្ដាមមួយចំនួនទៀតយកទៅធ្វើម្ហូប។
520 ## - SUMMARY, ETC.
Summary, etc. Sophy asked Kiri to catch crabs together. While digging, Kiri screamed at the eel, but Kiri did not know and recognize him as a snake. They caught the eel and some crabs for cooking.
521 ## - TARGET AUDIENCE NOTE
Target audience note 300 <br/>
Source Lexile estimate <br/>
521 ## - TARGET AUDIENCE NOTE
Target audience note F <br/>
Source Raz-Plus <br/>
650 ## - SUBJECT ADDED ENTRY--TOPICAL TERM
Topical term or geographic name entry element អន្ទង់
Form subdivision ក្ដាម
General subdivision ចាប់
650 ## - SUBJECT ADDED ENTRY--TOPICAL TERM
Topical term or geographic name entry element Eel
Form subdivision Crabs
General subdivision Hunting
700 ## - ADDED ENTRY--PERSONAL NAME
Personal name Rotha, Ouk
Titles and other words associated with a name illustrator
942 ## - ADDED ENTRY ELEMENTS (KOHA)
Source of classification or shelving scheme Dewey Decimal Classification
Koha item type Books
Suppress in OPAC No
999 ## -
-- 1197
-- 1197
Holdings
Withdrawn status Lost status Source of classification or shelving scheme Damaged status Not for loan Collection Home library Current library Shelving location Date acquired Total Checkouts Full call number Barcode Date last seen Date last checked out Copy number Price effective from Koha item type
    Dewey Decimal Classification     Khmer Language Books / សៀវភៅភាសាខ្មែរ Footprints International School Library Network Toul Kork Campus Footprints International School Library Network Toul Kork Campus TK Campus, Room B402, Khmer Book Case 16, Shelves 112-123 / ទូរសៀវភៅខ្មែរលេខ ១៦​ ធ្នើរ ១១២ ដល់ ១២៣ បន្ទប់ B402 សាខាទួលគោក 08/08/2023 1 ROT 639.67 2023-0203 06/09/2025 02/14/2025 1 08/08/2023 Books
    Dewey Decimal Classification     Khmer Language Books / សៀវភៅភាសាខ្មែរ Footprints International School Library Network Toul Kork Campus Footprints International School Library Network Toul Kork Campus TK Campus, Room B402, Khmer Book Case 16, Shelves 112-123 / ទូរសៀវភៅខ្មែរលេខ ១៦​ ធ្នើរ ១១២ ដល់ ១២៣ បន្ទប់ B402 សាខាទួលគោក 08/08/2023 1 ROT 639.67 2023-0204 09/29/2025 12/03/2024 2 08/08/2023 Books